000 01275cam a22003134a 4500
001 13678492
003 NUST - PNEC
005 20170116181040.0
008 040805s2005 maua b 001 0 eng
010 _a 2004018501
020 _a0750677333 (acidfree paper)
040 _cLIBRARY
082 0 0 _a622.338015118 AHM
100 1 _aAhmed, Tarek H.,
_d1946-
245 1 0 _aAdvanced reservoir engineering /
_cTarek Ahmed, Paul D. McKinney.
260 _aBoston :
_bGulf Professional Pub.,
_cc2005.
300 _a407 p. :
_bill. ;
_c27 cm.
504 _aIncludes bibliographical references (p. [397]-401) and index.
650 0 _aOil reservoir engineering
_xMathematical models.
650 0 _aGas engineering
_xME
650 0 _aFluid dynamics
_xMathematical models.
700 1 _aMcKinney, Paul D.
856 4 2 _3Publisher description
_uhttp://www.loc.gov/catdir/description/els051/2004018501.html
856 4 1 _3Table of contents
_uhttp://www.loc.gov/catdir/toc/ecip0421/2004018501.html
856 4 2 _3Book review (E-STREAMS)
_uhttp://www.e-streams.com/es0803/es0803_3975.html
906 _a7
_bcbc
_corignew
_d1
_eecip
_f20
_gy-gencatlg
942 _2ddc
_cBK
999 _c68056
_d68056